000
00316nam a2200133Ia 4500
008
240624s9999 xx 000 0 und d
041
_a
eng
082
_a
823 STE
100
_a
STEINBECK JOHN
245
_a
GRAPES OF WRATH
260
_c
2005
_a
New Delhi
_b
Penguin Books India
300
_a
528 : p.
365
_c
RS
_b
25
999
_c
23629
_d
23629